000 00843nam a2200253Ia 4500
003 GCL
008 140319s9999 xx 000 0 ara d
020 _a502208977
040 _aGCL /
_cGCL
082 0 4 _a302.23
_bم ق
100 1 _aمحمد على حوات
245 1 0 _aقراءة فى الخطاب الاعلامى والسياسى المعاصر /
_cمحمد على حوات
250 _aالاولى
260 _aالقاهرة :
_bمكتبة مدبولى ،
_c2004
300 _a362 ص ؛
_c24 سم
650 0 4 _aالتخلف الثقافى
650 0 4 _aالصحافة
650 0 4 _aالوعى الاجتماعى
650 0 4 _aوسائل الاعلام
650 0 4 _aقياس الرأى العام
650 0 4 _aالمعلومات، علم
650 0 4 _aالاعلام - العالم العربى
942 _2ddc
_cBK
999 _c44560
_d44560